Statystyki dla Quiz o Gwatemali

Kliknij tutaj aby rozwiązać quiz!

Ogólne statystyki

  • Ten quiz został rozwiązany 553 razy
  • Średni wynik to 11 z 15

Statystyki odpowiedzi

WskazówkaOdpowiedź% Poprawnych
Oficjalny językhiszpański
98%
Państwa granicząceHonduras
96%
Państwa granicząceMeksyk
96%
Państwa granicząceBelize
95%
Państwa granicząceSalwador
95%
StolicaGwatemala
92%
Morze graniczące z Gwatemalą na wschodzieMorze {Karaibskie}
92%
Rdzenna cywilizacja znana z
piramid, kalendarzy i pisania
Cywilizacja {Majów}
85%
Państwo z około 1,5 miliona emigrantów z GwatemaliStany Zjednoczone
85%
Duży półwysep obejmujący
północną część Gwatemali
Jukatan
69%
Roślina uprawnaKukurydza
41%
Waluta nazwana na cześć zielonego ptakaQuetzal
39%
Starożytne miasto zwane także jako Yax MutalTikal
30%
"Ognisty” wulkan, który wybuchł
w 2018 roku, zabijając 190 osób
Volcán de {Fuego}
30%
Miasto znane z kolonialnej architekturyAntigua
26%

Rozkład punktacji

Percentyl według liczby udzielonych odpowiedzi

Procent ludzi z każdym wynikiem

Twoja historia wyników

Nie rozwiązałeś tego quizu